| 000 -LEADER |
| fixed length control field |
01678nam a2200265Ia 4500 |
| 001 - CONTROL NUMBER |
| control field |
19365 |
| 003 - CONTROL NUMBER IDENTIFIER |
| control field |
GE_BSU |
| 008 - FIXED-LENGTH DATA ELEMENTS--GENERAL INFORMATION |
| fixed length control field |
181216s||||||||xx |||||||||||||| ||und|| |
| 040 ## - CATALOGING SOURCE |
| Transcribing agency |
GE_BSU |
| 080 ## - UNIVERSAL DECIMAL CLASSIFICATION NUMBER |
| Universal Decimal Classification number |
663.2.013(075.8) |
| 100 ## - MAIN ENTRY--PERSONAL NAME |
| Personal name |
ს. მესარქიშვილი, ფ. მაჭავარიანი, დ. ბოჭორიშვილი და სხვ |
| 245 ## - TITLE STATEMENT |
| Title |
ღვინის, შამპანურის და კონიაკის ქარხნების დაპროექტების საფუძვლები |
| 245 ## - TITLE STATEMENT |
| Remainder of title |
დამხმ. სახელმძღვ. სას.-სამ. ინ-ტის მეღვინეობის ტექნოლოგიის სპეციალობის სტუდენტებისათვის |
| 245 ## - TITLE STATEMENT |
| Statement of responsibility, etc. |
ს. მესარქიშვილი საერთო რედ: |
| 250 ## - EDITION STATEMENT |
| Edition statement |
მე-2 გადამუშ. და შევს. გამოც. |
| 260 ## - PUBLICATION, DISTRIBUTION, ETC. |
| Place of publication, distribution, etc. |
თბილისი |
| 260 ## - PUBLICATION, DISTRIBUTION, ETC. |
| Name of publisher, distributor, etc. |
განათლება |
| 260 ## - PUBLICATION, DISTRIBUTION, ETC. |
| Date of publication, distribution, etc. |
1984 |
| 300 ## - PHYSICAL DESCRIPTION |
| Extent |
318გვ;ილ,22სმ. |
| 300 ## - PHYSICAL DESCRIPTION |
| Other physical details |
ბიბლიოგრ.: გვ. 312-314 |
| 653 ## - INDEX TERM--UNCONTROLLED |
| Uncontrolled term |
მეღვინეობა |
| 653 ## - INDEX TERM--UNCONTROLLED |
| Uncontrolled term |
ღვინის ქარხნების დაპროექტება - სახელმძღვანელოები უმაღლესი სასწავლებლებისათვის; |
| 653 ## - INDEX TERM--UNCONTROLLED |
| Uncontrolled term |
ღვინის, შამპანურის და კონიაკის ქარხნების დაპროექტების საფუძვლები |
| 942 ## - ADDED ENTRY ELEMENTS (KOHA) |
| Koha item type |
წიგნი |